مر کبا ت ا د و يہ: حصہ ا و ل (Record no. 87534)

MARC details
000 -LEADER
fixed length control field 01339nam a22002657a 4500
005 - DATE AND TIME OF LATEST TRANSACTION
control field 20170418151212.0
008 - FIXED-LENGTH DATA ELEMENTS--GENERAL INFORMATION
fixed length control field 140714b xxu||||| |||| 00| 0 Urdu d
010 ## - LCCN (DPL NO)
LC control number UR-166 B-548141-144 B-665959
020 ## - INTERNATIONAL STANDARD BOOK NUMBER
Terms of availability 400.00
035 ## - SYSTEM CONTROL NUMBER
System control number U-166 B-548141-144 B-665959
037 ## - SOURCE OF ACQUISITION
Source of stock number/acquisition BPPD/Publishers/Venders
037 ## - SOURCE OF ACQUISITION
Source of stock number/acquisition K.K.Publications(Vend.)/Idara Kitab -ul-Shifa(Pub.)
040 ## - CATALOGING SOURCE
Original cataloging agency DPL
Language of cataloging Urdu
082 ## - DEWEY DECIMAL CLASSIFICATION NUMBER
Classification number 615.53
100 ## - MAIN ENTRY--PERSONAL NAME
Personal name مو لف: و سيم ا حمد آ عظمی
245 ## - TITLE STATEMENT
Title مر کبا ت ا د و يہ: حصہ ا و ل
Statement of responsibility, etc مو لف: و سيم ا حمد آ عظمی
246 ## - VARYING FORM OF TITLE
Title proper/short title Murakkabat-e- Advia Vol. 1
Remainder of title by Waseem Ahmed Aazmi
260 ## - PUBLICATION, DISTRIBUTION, ETC. (IMPRINT)
Name of publisher, distributor, etc Idara Kitab-us- Shifa(Pub.)
-- K.K.P.( Vender)
260 ## - PUBLICATION, DISTRIBUTION, ETC. (IMPRINT)
Place of publication, distribution, etc 4806/24,Bharat Ram Road,Dariya Gunj,New Delhi-2
270 ## - ADDRESS
Address 2075-مسجد مز ا ر و ا لی،کو چہ چيلا ن ،د ر يا گنج،
City نئ د ھلی
Postal code 110002
Telephone number 9312273887
300 ## - PHYSICAL DESCRIPTION
Extent 612ص
Dimensions 22Cm (Hb)
942 ## - ADDED ENTRY ELEMENTS (KOHA)
Source of classification or shelving scheme Dewey Decimal Classification
Item type Urdu Bks
Classification part 615.53
Call number suffix ا د و
Holdings
Withdrawn status Lost status Source of classification or shelving scheme Damaged status Not for loan Collection code Home library Current library Date acquired Source of acquisition Cost, normal purchase price Total Checkouts Full call number Barcode Date last seen Copy number Cost, replacement price Koha item type
    Dewey Decimal Classification     Non-fiction Ashok Vihar Ashok Vihar 18/04/2017 BPPD/UR/2014-15/AV/16-17/658/KKP/936/7.3.17/8.3.17 400.00   615.53 ا د و B-665959 18/04/2017 1 400.00 Urdu Bks
    Dewey Decimal Classification     Non-fiction Central Library Central Library 09/12/2014 BPPD/UR/2014-15/1.8.14/KKP/1351/12.8.14/2.9.14 700.00 4 615.53 ا د و B-548141 16/03/2026 1 700.00 Urdu Bks
    Dewey Decimal Classification     Non-fiction Mobile Library Mobile Library 09/12/2014 BPPD/UR/2014-15/1.8.14/KKP/1351/12.8.14/2.9.14 700.00   615.53 ا د و B-548142 09/12/2014 1 700.00 Urdu Bks
    Dewey Decimal Classification     Non-fiction Patel Nagar Patel Nagar 09/12/2014 BPPD/UR/2014-15/1.8.14/KKP/1351/12.8.14/2.9.14 700.00   615.53 ا د و B-548143 09/12/2014 1 700.00 Urdu Bks
    Dewey Decimal Classification     Non-fiction Sarojini Nagar Sarojini Nagar 09/12/2014 BPPD/UR/2014-15/1.8.14/KKP/1351/12.8.14/2.9.14 700.00   615.53 ا د و B-548144 09/12/2014 1 700.00 Urdu Bks

© Delhi Public Library
Hit Counter
free hit counter